El girocompas sperry: teoría, descripción e instrucciones para su funcionamiento y conservación
Tallennettuna:
| Päätekijä: | |
|---|---|
| Aineistotyyppi: | Kirja |
| Kieli: | espanja |
| Julkaistu: |
Valparaíso
Imprenta de la Armada
1918
|
| Aiheet: | |
| Tagit: |
Lisää tagi
Ei tageja, Lisää ensimmäinen tagi!
|
MARC
| LEADER | 00000nam a2200000 a 4500 | ||
|---|---|---|---|
| 001 | UCU3297 | ||
| 003 | CL-VaPUC | ||
| 008 | 960510e19180000CL |||||||||||||||||spa|d | ||
| 082 | 0 | 4 | |a 629.135 |b GAR |2 21 |
| 100 | |a García Castelblanco, Alejandro |e author |9 508837 | ||
| 245 | 1 | 3 | |a El girocompas sperry: teoría, descripción e instrucciones para su funcionamiento y conservación |
| 300 | |a 150 p | ||
| 942 | |c BK | ||
| 945 | |d 19960510 00:00:00 |a rbrito | ||
| 260 | |a Valparaíso |b Imprenta de la Armada |c 1918 | ||
| 650 | 7 | |a GIROSCOPIOS |2 CL-VaPUC |9 360177 | |
| 650 | 0 | |a Navegación |9 255384 | |
| 650 | 0 | |a Navegación marítima |9 344305 | |
| 650 | 7 | |a INSTRUMENTOS DE NAVEGACION |2 CL-VaPUC |9 316356 | |
| 650 | 0 | |a Compases |9 360178 | |
| 650 | 7 | |a MEDICION E INSTRUMENTOS DE MEDICION |2 CL-VaPUC |9 337806 | |
| 583 | |a last modification |c 19960510 00:00:00 |k Rodrigo Vera | ||
| 999 | |c 247359 |d 247357 | ||
| 952 | |0 0 |1 0 |4 0 |6 629_135000000000000_GAR_1918 |7 0 |8 CCM |9 263241 |a BIBCUR |b BIBCUR |d 2019-11-19 |i 3158373 |o 629.135 GAR 1918 |p 3158373 |r 2025-04-22 |w 2019-11-19 |y BK |k CIM | ||